[Event "NED-ch U18 op"]
[Site "Hoogkerk"]
[Date "2024.05.03"]
[Round "7"]
[White "Van de Poel, Jona"]
[Black "Khatniuk, Anastasiia"]
[Result "0-1"]
[WhiteElo "1865"]
[BlackElo "2012"]
[PlyCount "94"]
[EventDate "2024.04.27"]
[EventType "swiss"]
[EventRounds "7"]
[EventCountry "NED"]
[SourceTitle "CB19_2024"]
[SourceDate "2024.05.08"]
[SourceVersion "1"]
[SourceVersionDate "2024.05.08"]
[SourceQuality "1"]

1. Nf3 e6 2. e3 d5 3. c4 Nf6 4. b3 Be7 5. Bb2 c5 6. Qc2 Nc6 7. cxd5 exd5 8. d4 Nb4 9. Bb5+ Bd7 10. Qe2 0-0 11. Bxd7 Qxd7 12. a3 Nc6 13. Nbd2 Ne4 14. dxc5 Bxc5 15. 0-0 f5 16. Rfd1 Rae8 17. Nxe4 fxe4 18. Nd2 Qf5 19. Nf1 Qf7 20. Rd2 Ne5 21. Bxe5 Rxe5 22. b4 Bb6 23. Rc1 Rg5 24. Rdc2 Rf5 25. Rc8 Qe6 26. Rxf8+ Rxf8 27. Qb2 h6 28. Ng3 Kh7 29. Ne2 Qf5 30. Nd4 Bxd4 31. exd4 Rf6 32. Rc3 Rg6 33. Qd2 Rg5 34. g3 Qg4 35. Rc7 Qf3 36. Rxb7 Qxa3 37. Qf4 Qa1+ 38. Kg2 Qxd4 39. h4 Rg6 40. Qf5 Qf6 41. Qxd5 Qf3+ 42. Kg1 Rf6 43. Qd4 e3 44. Qd3+ Rf5 45. fxe3 Qxg3+ 46. Kh1 Qxh4+ 47. Kg2 Qg5+ 0-1